Latin American Flags - Statistics

General Stats
  • This quiz has been taken 2,275 times
  • The average score is 15 of 19
Answer Stats
Picture Answer % Correct
Mexico
97%
Brazil
94%
Argentina
93%
Colombia
89%
Chile
88%
Cuba
87%
Uruguay
85%
Venezuela
84%
Panama
81%
Peru
81%
Dominican Republic
78%
Ecuador
78%
Honduras
77%
Costa Rica
72%
Guatemala
70%
El Salvador
69%
Paraguay
69%
Bolivia
68%
Nicaragua
67%
No matching quizzes found
Score Distribution
Percent of People with Each Score
Percentile by Number Answered
Your Score History
You have not taken this quiz